Facteurs de 700 - Statistiques

Statistiques générales
  • Ce quiz a été pris 39 fois
  • Le résultat moyen est 15 sur 18
Statistiques - réponses
Réponse % Correct
1
100%
2
100%
35
100%
4
100%
5
100%
7
100%
10
97%
70
97%
350
94%
700
89%
100
86%
14
83%
20
83%
50
72%
25
69%
28
56%
175
53%
140
47%
Aucun quiz correspondant
Distribution des résultats
% des personnes avec chaque résultat
Percentile par nombre de réponses
Votre historique - résultats
Vous n’avez pas pris ce quiz